Introducción a la planificación urbana /

En los últimos tiempos la sociedad moderna ha experimentado profundos cambios en todos los órdenes de la vida que han repercutido en la transformación de las ciudades, alterando casi por completo sus funciones tradicionales.

Bibliographic Details
Main Author: Mazón, Tomás
Format: Libro
Language:Spanish
Published: Alicante Aguaclara 1997
Series:Amalgama 16
Subjects:
Online Access:

MARC

LEADER 00000cam a2200000 a 4500
001 006508
003 UAHC_CL
005 20170803120242.0
008 151112s1997 sp 000 spa
020 |a 8480181192 
040 |a UAHC_CL  |c UAHC_CL  |d UAHC_CL 
082 0 4 |a 307.120946  |b M476  |2 21 
100 1 |a Mazón, Tomás 
245 1 0 |a Introducción a la planificación urbana /  |c Tomás Mazón. 
260 |b Aguaclara  |a Alicante  |c 1997 
300 |a 206 p. 
490 0 |a Amalgama  |v 16 
520 |a En los últimos tiempos la sociedad moderna ha experimentado profundos cambios en todos los órdenes de la vida que han repercutido en la transformación de las ciudades, alterando casi por completo sus funciones tradicionales. 
650 4 |a PLANIFICACION URBANA 
650 4 |a PLANIFICACION URBANA  |z ESPAÑA 
653 |a GEOGRAFIA 
900 |a 307.120946 MAZ 
942 |c BK 
952 |0 0  |1 0  |4 0  |6 307_120946000000000_MAZ  |7 0  |8 General  |9 14197  |a BC  |b BC  |c General  |d 2017-08-03  |l 1  |m 2  |o 307.120946 MAZ  |p 1430443  |r 2026-01-13 00:00:00  |s 2020-01-31  |t 1  |w 2017-08-03  |y BK 
999 |c 6508  |d 6508